Maquetas digitales para Internet y otros medios de comunicación /

Sábháilte in:
Sonraí bibleagrafaíochta
Príomhchruthaitheoir: Skopec, David (autor)
Formáid: LEABHAR
Teanga:Spáinnis
Foilsithe / Cruthaithe: Barcelona, España : Index Book, 2003, c2003
Sraith:(E-Design Series)
Ábhair:
Clibeanna: Cuir clib leis
Níl clibeanna ann, Bí ar an gcéad duine le clib a chur leis an taifead seo!

MARC

LEADER 00000nam^a2200000^a^4500
001 000184728
005 20250521000000.0
009 20260310102126.732
020 |a 84-89994-87-0 
037 |a Acervo ITESO - Biblioteca 
041 |a ESP 
082 |a 741. 60285  |b EDE ESP V. 6 
100 |a Skopec, David  |e (autor) 
240 1 1 |a [E-Design] 
240 1 1 |a [Maquetas digitales para Internet y otros medios de comunicación] 
245 1 0 |a Maquetas digitales para Internet y otros medios de comunicación /  |c D. Skopec ; tr. por Silvia Guiu Navarro. 
264 4 |a Barcelona, España :  |b Index Book,  |c 2003, c2003 
300 |a 159 p. 
336 |a texto  |b txt  |2 rdacontenido 
337 |a sin mediación  |b n  |2 rdamedio 
338 |a volumen  |b nc  |2 rdasoporte 
440 1 |a (E-Design Series) 
500 |a Traducción de: Digital Layout for the Internet and other Media / 
649 |a XX 
650 |a Composición (Arte) 
650 |a Bocetos (Diseño) 
650 |a Imagen 
650 |a Manipulación de Imagen por Computadora 
650 |a Gráficas por Computadora 
650 |a Diseño Asistido por Computadora 
650 |a Internet 
650 |a Computadoras en los Medios de Comunicación 
650 |a Tecnologías de Comunicación e Información 
650 |a Medios de Comunicación 
650 |a Ingeniería Computacional 
650 |a Diseño Gráfico 
650 |a Comunicación Visual 
910 |a Fondo General 
920 |a Impresos - Libros 
930 |a Colección General 
905 |a 101 
901 |a 0500125979  |b IT1  |c ACC  |u 20250521 
902 |a https://opac.biblio.iteso.mx/vufind/Record/000184728